000 00824nam a2200217 a 4500
005 20150326020004.0
008 140319b1997 bo ||||| |||| 00| 0 spa d
040 _aCO-BoIAVH
_cCO-BoIAVH
041 _aspa
044 _abo
082 0 4 _a333.953416
_bR33r
110 2 _aBolivia.
_bMinisterio de Desarrollo Sostenible y Medio Ambiente. Secretaría Nacional de Recursos Naturales y Medio Ambiente.
_933593
245 1 0 _aReglamento de la Decisión 391 regimén común de acceso a los recursos genéticos.
260 _aLa Paz:
_bGEF,
_bBanco Mundial,
_bCOSUDE,
_bPASNEPH,
_bPaises Bajos,
_c1997?
300 _a16 p.
_c27 cm.
650 4 _aAcceso a recursos genéticos
_zBolivia
_933594
650 4 _aPropiedad intelectual
_933595
650 4 _aAcuerdo de Cartagena
_933596
942 _cFolleto
_2ddc
_01
945 _d2006-02-07
999 _c5215
_d5215